• 首页
  • 本馆介绍
  • 公告通知
  • 最新文献
  • 馆藏检索
  • 电子资源
  • 读者导购
  • 参考咨询
  • 我的图书馆
  • 登录
  • 详细信息显示
  • 放入我的书架
  • 预约/预借图书
  • 作者相关作品
  • 分类相关作品
  • 丛书相关作品
  • 出版社相关作品

书目信息

  • 表格格式
  • 工作单格式
  • 卡片格式
题名:
Creo Parametric2.0工程制图实例教程
    
 
作者: 张瑞东 主编 ;吉云亮 , 范志骏 编写
分册:  
出版信息: 北京   中国电力出版社  2014
页数: 162页
开本: 26cm
丛书名:
单 册:
中图分类: TB237
科图分类:
主题词: 工程制图--计算机辅助设计--应用软件--教材
电子资源:
ISBN: 978-7-5123-5840-9
000 00774nam0 2200241 450
001 012015000193
005 20151130101852.21
010    @a978-7-5123-5840-9@dCNY25.00
100    @a20151327d2014 em y0chiy50 ea
101 0  @achi
102    @aCN@b110000
105    @aa z 000yy
106    @ar
200 1  @aCreo Parametric2.0工程制图实例教程@ACreo Parametric2.0 gong cheng zhi tu shi li jiao cheng@f张瑞东主编@g吉云亮,范志骏编写
210    @a北京@c中国电力出版社@d2014
215    @a162页@c图@d26cm
606 0  @a工程制图@x计算机辅助设计@x应用软件@j教材
690    @aTB237@v5
701  0 @a张瑞东@Azhang rui dong@4主编
702  0 @a吉云亮@Aji yun liang@4编写
702  0 @a范志骏@Afan zhi jun@4编写
801  0 @aCN@b碧洲教育@c20151127
905    @a10447@f2@dTB237@e156
    
    Creo Parametric2.0工程制图实例教程/张瑞东主编/吉云亮,范志骏编写.-北京:中国电力出版社,2014
    162页:图;26cm
    
    
    ISBN 978-7-5123-5840-9:CNY25.00
    
●
相关链接 在E读中查询图书 在五车中查询图书 在当当中查询图书 在豆瓣中查询图书


正题名:Creo Parametric2.0工程制图实例教程     索取号:TB237/156         预约/预借

序号 登录号 条形码 馆藏地/架位号 状态 备注
1 0871355   208713551   第二样本阅览室/ [索取号:TB237/156] 在馆    
2 0871356   208713560   第三借阅区/ [索取号:TB237/156] 在馆    
唐山师范学院图书馆 欢迎您!
大连网信软件有限公司© 版权所有